المشكلات الاجتماعية المترتبة على الاصابة بسرطان العظام : (رقم التسجيلة. 23135)
[ عرض عادي ]
| 000 -LEADER | |
|---|---|
| fixed length control field | 02015nam a2200325 a 4500 |
| 003 - CONTROL NUMBER IDENTIFIER | |
| control field | EG-GiCUC |
| 005 - DATE AND TIME OF LATEST TRANSACTION | |
| control field | 20250223025911.0 |
| 008 - FIXED-LENGTH DATA ELEMENTS--GENERAL INFORMATION | |
| fixed length control field | 090716s2003 ua f m 000 0 ara d |
| 040 ## - CATALOGING SOURCE | |
| Original cataloging agency | EG-GiCUC |
| Language of cataloging | ara |
| Transcribing agency | EG-GiCUC |
| 041 0# - LANGUAGE CODE | |
| Language code of text/sound track or separate title | ara |
| 049 ## - LOCAL HOLDINGS (OCLC) | |
| Holding library | ايداع |
| 097 ## - Thesis Degree | |
| Thesis Level | ماجستير |
| 099 ## - LOCAL FREE-TEXT CALL NUMBER (OCLC) | |
| Classification number | Cai01.02.01.M.A.2003.ام.م |
| 100 0# - MAIN ENTRY--PERSONAL NAME | |
| Personal name | امل رضوان سالم |
| 245 12 - TITLE STATEMENT | |
| Title | المشكلات الاجتماعية المترتبة على الاصابة بسرطان العظام : |
| Remainder of title | دراسة فى الانثروبوجيا الطبية / |
| Statement of responsibility, etc. | امل رضوان سالم ؛ اشراف محمد الجوهرى |
| 260 ## - PUBLICATION, DISTRIBUTION, ETC. | |
| Place of publication, distribution, etc. | القاهرة : |
| Name of publisher, distributor, etc. | امل رضوان سالم : |
| Date of publication, distribution, etc. | 2003 |
| 300 ## - PHYSICAL DESCRIPTION | |
| Extent | 254ص ؛ |
| Dimensions | 25سم |
| 502 ## - DISSERTATION NOTE | |
| Dissertation note | اطروحة (ماجستير) - جامعة القاهرة - كلية الاداب - قسم الاجتماع |
| 520 ## - SUMMARY, ETC. | |
| Summary, etc. | تنتمى هذه الدراسة الى ميدان الانثروبولوجيا الطبية وهى احد فروع الانثروبولوجيا التى تهتم بدراسة الجوانب الاجتماعية والثقافية للصحة والمرض وقد اتجه الباحثون فى العلوم الاجتماعية الى الاهتمام بدراسة الجوانب الاجتماعية والثقافية للصحة والمرض . وتهتم الدراسة بصفة اساسية بموضوع سرطان العظام حيث يعد السرطان احد الامراض المزمنة الذى تتزايد الاصابة به باستمرار مع عدم التوصل العلمى للاسباب المباشرة التى تؤدى الية |
| 530 ## - ADDITIONAL PHYSICAL FORM AVAILABLE NOTE | |
| Additional physical form available note | صدر ايضا كقرص مدمج |
| 653 #4 - INDEX TERM--UNCONTROLLED | |
| Uncontrolled term | الانثروبوجيا الطبية |
| 653 #4 - INDEX TERM--UNCONTROLLED | |
| Uncontrolled term | المشكلات الاجتماعية |
| 653 #4 - INDEX TERM--UNCONTROLLED | |
| Uncontrolled term | سرطان العظام |
| 700 0# - ADDED ENTRY--PERSONAL NAME | |
| Personal name | محمد الجوهرى : |
| Relator term | |
| 856 ## - ELECTRONIC LOCATION AND ACCESS | |
| Uniform Resource Identifier | <a href="http://172.23.153.220/th.pdf">http://172.23.153.220/th.pdf</a> |
| 902 ## - LOCAL DATA ELEMENT B, LDB (RLIN) | |
| No. of Items | 1 |
| 905 ## - LOCAL DATA ELEMENT E, LDE (RLIN) | |
| Cataloger | Fatma |
| Reviser | Cataloger |
| 905 ## - LOCAL DATA ELEMENT E, LDE (RLIN) | |
| Cataloger | Nazla |
| Reviser | Revisor |
| 942 ## - ADDED ENTRY ELEMENTS (KOHA) | |
| Source of classification or shelving scheme | Dewey Decimal Classification |
| Koha item type | Thesis |
| Source of classification or shelving scheme | Not for loan | Home library | Current library | Date acquired | Full call number | Barcode | Date last seen | Koha item type | Copy number |
|---|---|---|---|---|---|---|---|---|---|
| Dewey Decimal Classification | المكتبة المركزبة الجديدة - جامعة القاهرة | قاعة الرسائل الجامعية - الدور الاول | 11.02.2024 | Cai01.02.01.M.A.2003.ام.م | 01010100010072000 | 22.09.2023 | Thesis | ||
| Dewey Decimal Classification | المكتبة المركزبة الجديدة - جامعة القاهرة | مخـــزن الرســائل الجـــامعية - البدروم | 11.02.2024 | Cai01.02.01.M.A.2003.ام.م | 01020100010072000 | 22.09.2023 | CD - Rom | 10072.CD |